Category Elimination - Zelda #1 - Statistics

General Stats
  • This quiz has been taken 164 times
  • The average score is 15 of 20
Answer Stats
Group # Category
% Correct
Green 21 Main Series Zelda Games
100%
Green 14 That are 2D
92%
Orange 21 Main Series Zelda Games
91%
Orange 16 That were released in 2000 or later
90%
Green 9 That were on the 3DS, or DS, or Gameboy
87%
Orange 5 That is a sequel to another Zelda game
87%
Orange 2 That is 3D
85%
Blue 21 Main Series Zelda Games
84%
Blue 12 That were released on a home console
84%
Blue 9 That were only released (Physical Copy, not including remakes) on one console
77%
Purple 21 Main Series Zelda Games
74%
Purple 7 That IS NOT released on the Nintendo Switch in any form including Nintendo Switch Online
70%
Purple 5 That is 2D
69%
Purple 2 That is multiplayer
69%
Blue 5 That is 2D
59%
Green 2 In which you control Link with the touchscreen
58%
Green 1 Themed around trains Spirit Tracks
56%
Orange 1 In which the main villain is not Ganon/Ganondorf Majora's Mask
55%
Blue 1 In which you play as Zelda Echoes Of Wisdom
45%
Purple 1 That is on the 3DS Tri Force Heroes
34%
No matching quizzes found
Score Distribution
Percent of People with Each Score
Percentile by Number Answered
Your Score History
You have not taken this quiz